Statystyki dla Państwa USE

Kliknij tutaj aby rozwiązać quiz!

Ogólne statystyki

  • Ten quiz został rozwiązany 16 razy
  • Średni wynik to 15 z 19

Statystyki odpowiedzi

HintOdpowiedź% Poprawnych
ZachódFrancja
100%
ZachódHiszpania
100%
ZachódNiemcy
100%
ZachódHolandia
93%
ZachódWielka Brytania
93%
ZachódWłochy
93%
ZachódNorwegia
86%
ZachódPolska
86%
ZachódPortugalia
86%
ZachódBelgia
79%
ZachódIrlandia
79%
ZachódSzwecja
79%
ZachódAustria
71%
ZachódFinlandia
71%
ZaZachódchódLuksemburg
71%
ZachódSzwajcaria
71%
ZachódAndora
57%
ZachódMonako
57%
ZachódSłowenia
57%

Rozkład punktacji

Percentyl według liczby udzielonych odpowiedzi

Procent ludzi z każdym wynikiem

Twoja historia wyników

Nie rozwiązałeś tego quizu